Die 3 größten Städte in jedem europäischem Land (mit Gebieten) - Statistiken

Allgemein
  • Dieses Quiz wurde 360 mal gespielt
    251 seit der letzten Aktualisierung
  • Das Durchschnittsergebnis liegt bei 77 aus 150
Antwortstatistiken
Land # Einwohner Stadt % Korrekt
Deutschland 1. 3.677.472 Berlin
96%
Deutschland 2. 1.853.935 Hamburg
96%
Deutschland 3. 1.487.708 München
95%
Frankreich 1. 2.175.601 Paris
95%
Italien 1. 2.617.175 Rom
95%
Dänemark 1. 644.000 Kopenhagen
94%
Albanien 1. 624.642 Tirana
94%
Niederlande 1. 904.704 Amsterdam
93%
Griechenland 1. 664.046 Athen
93%
Italien 2. 1.242.123 Mailand
93%
Norwegen 1. 699.827 Oslo
93%
Österreich 1. 1.931.593 Wien
93%
Irland 1. 553.165 Dublin
92%
Finnland 1. 635.181 Helsinki
92%
Luxemburg 1. 124.509 Luxemburg
92%
Belarus 1. 1.982.444 Minsk
92%
Schweden 1. 1.515.017 Stockholm
92%
Polen 1. 1.700.612 Warschau
92%
Russland(europäischer Teil) 1. 12.228.685 Moskau
91%
Rumänien 1. 1.883.425 Bukarest
90%
Portugal 1. 545.923 Lissabon
90%
Monaco (Stadtstaat) 39.520 Monaco
90%
Italien 3. 962.003 Neapel
90%
Bulgarien 1. 1.228.282 Sofia
90%
Kroatien 1. 700.717 Zagreb
90%
Schweiz 1. 421 878 Zürich
90%
Andorra 1. 22.546 Andorra la Vella
89%
Spanien 2. 1.636.762 Barcelona
89%
Frankreich 2. 868.277 Marseille
89%
Lettland 1. 658.640 Riga
89%
Guernsey(Britischer Kronbesitz) 2. 9.592 Vale
89%
Ungarn 1. 1.752.704 Budapest
88%
Türkei(europäischer Teil) 1. 13.120.596 Istanbul
88%
Vereinigtes Königreich 1. 8.869.898 London
88%
Spanien 1. 3.266.126 Madrid
88%
Tschechien 1. 1.335.084 Prag
88%
Niederlande 2. 655.473 Rotterdam
88%
Russland(europäischer Teil) 2. 5.281.579 Sankt Petersburg
88%
Estland 1. 437.817 Tallinn
88%
Ukraine 1. 2.967.360 Kiew
87%
Frankreich 3. 518.635 Lyon
87%
Island 1. 117.505 Reykjavík
86%
Serbien 1. 1.154.589 Belgrad
85%
Slowakei 1. 440.948 Bratislava
85%
Schweiz 2. 203 856 Genf
85%
Portugal 2. 213.962 Porto
85%
Belgien 1. 520.504 Antwerpen
84%
Bosnien und Herzegowina 1. 291.422 Sarajevo
84%
Liechtenstein 2. 5701 Vaduz
84%
Vatikanstadt (Stadtstaat) 842 Vatikanstadt
83%
Österreich 2. 292.630 Graz
82%
San Marino 3. 4.063 San Marino
82%
Litauen 1. 546.155 Vilnius
82%
Slowenien 1. 289.518 Ljubljana
80%
Nordmazedonien 1. 505.400 Skopje
80%
Schweiz 3. 173 863 Basel
79%
Schweden 3. 301.706 Mälmö
79%
Spanien 3. 794.288 Valencia
79%
Polen 2. 757.611 Krakau
78%
Norwegen 2. 286.930 Bergen
77%
Vereinigtes Königreich 2. 1.140.754 Birmingham
76%
Österreich 3. 207.247 Linz
76%
Kosovo 1. 161.751 Pristina
76%
Kroatien 2. 190.255 Split
75%
Niederlande 3. 553.039 Den Haag
74%
Moldau/Moldawien 1. 678.200 Chișinău
72%
Belgien 2. 259.083 Gent
70%
Vereinigtes Königreich 3. 611.760 Glasgow
70%
Griechenland 2. 325.182 Thessaloniki
70%
Schweden 2. 572.799 Göteborg
68%
Montenegro 1. 143.718 Podgorica
67%
Ukraine 3. 1.017.699 Odessa
64%
Dänemark 2. 285.000 Aarhus
62%
Irland 2. 125.622 Cork
59%
Norwegen 3. 210.496 Trondheim
58%
Ukraine 2. 1.443.207 Charkiw
53%
Polen 3. 728.892 Łódź
53%
Tschechien 2. 382.405 Brünn
51%
Rumänien 2. 324.576 Cluj-Napoca
45%
Luxemburg 2. 36.228 Esch an der Alzette
45%
Serbien 3. 182.208 Niš
45%
Dänemark 3. 181.000 Odense
44%
Finnland 3. 228.274 Tampere
44%
Slowenien 2. 110.871 Maribor
40%
Gibraltar(Britisches Überseegebiet) 1. 34.571 Gibraltar
39%
Serbien 2. 221.854 Novi Sad
39%
Kroatien 3. 140.469 Rijeka
38%
Litauen 2. 298.753 Kaunas
37%
Belgien 3. 201.256 Charleroi
34%
Moldau/Moldawien 2. 158.069 Tiraspol
32%
Bulgarien 3. 335.949 Warna
32%
Finnland 2. 274.583 Espoo
29%
Russland(europäischer Teil) 3. 1.261.666 Nischni Nowgorod
29%
Bulgarien 2. 341.567 Plowdiw
29%
Ungarn 2. 201.981 Debrecen
28%
Belarus 2. 535.693 Homel
28%
Malta 2. 19.795 Mosta
28%
Litauen 3. 152.008 Klaipėda
27%
Tschechien 3. 284.982 Ostrava
27%
Färöer(Königreich Dänemark) 1. 12.376 Tórshavn
27%
Irland 3. 79.504 Galway
26%
Bosnien und Herzegowina 2. 199.191 Banja Luka
24%
Liechtenstein 1. 6027 Schaan
24%
Slowakei 2. 238.138 Košice
22%
Estland 2. 95.190 Tartu
22%
Albanien 2. 207.554 Durrës
21%
Rumänien 3. 319.279 Timișoara
20%
Lettland 2. 93.312 Daugavpils
19%
Ungarn 3. 161.137 Szeged
19%
Griechenland 3. 213.984 Patras
16%
Lettland 3. 76.731 Liepāja
12%
Färöer(Königreich Dänemark) 2. 4.601 Klaksvík
10%
Åland(Republik Finnland) 1. 11.705 Mariehamn
10%
Kosovo 2. 94.517 Prizren
10%
Liechtenstein 3. 5316 Triesen
10%
Isle of Man(Britischer Kronbesitz) 1. 26.667 Douglas
9%
Bosnien und Herzegowina 3. 120.441 Tuzla
9%
Island 3. 25.913 Hafnarfjörður
8%
Kosovo 3. 58.458 Mitrovica
8%
Estland 3. 53.955 Narva
8%
Luxemburg 3. 27.869 Differdingen
7%
Albanien 3. 126.081 Elbasan
7%
Türkei(europäischer Teil) 3. 203.617 Tekirdağ
7%
Nordmazedonien 3. 71.890 Bitola
6%
Slowakei 3. 87.886 Prešov
6%
Jersey(Britischer Kronbesitz) 1. 33.522 Saint Helier
6%
Guernsey(Britischer Kronbesitz) 1. 18.599 Saint Peter Port
6%
Türkei(europäischer Teil) 2. 279.251 Çorlu
5%
Andorra 3. 11.934 Encamp
5%
Slowenien 3. 55.950 Kranj
5%
Montenegro 2. 58.649 Nikšić
5%
San Marino 1. 10.976 Serravalle
5%
Moldau/Moldawien 3. 145.300 Bălți
4%
Malta 1. 21.889 Birkirkara
4%
Andorra 2. 13.859 Escaldes-Engordany
4%
Island 2. 30.357 Kópavogur
4%
Nordmazedonien 2. 73.360 Kumanovo
4%
Portugal 3. 188.443 Vila Nova de Gaia
4%
San Marino 2. 6.946 Borgo Maggiore
2%
Isle of Man(Britischer Kronbesitz) 2. 8.600 Onchan
2%
Isle of Man(Britischer Kronbesitz) 3. 6.900 Ramsey
2%
Jersey(Britischer Kronbesitz) 3. 10.568 Saint Brélade
2%
Guernsey(Britischer Kronbesitz) 3. 8.980 Saint Sampson
2%
Malta 3. 17.443 San Pawl il-Baħar
2%
Åland (Republik Finnland) 3. 2.603 Finström
1%
Färöer(Königreich Dänemark) 3. 3.782 Hoyvík
1%
Åland (Republik Finnland) 2. 5.386 Jomala
1%
Belarus 3. 381.353 Mahiljou
1%
Montenegro 3. 21.379 Pljevlja
1%
Jersey(Britischer Kronbesitz) 2. 13.580 Saint Saviour
1%
Keine übereinstimmenden Quizze gefunden
Verteilung der Resultate
Anzahl Personen mit jedem Resultat
Perzentil nach korrekt beantworteten Fragen
Ihre Resultats-Entwicklung
Sie haben dieses Quiz seit der letzten Aktualisierung nicht gespielt